000 00449nam a2200157Ia 4500
008 151021s9999 xx 000 0 und d
020 _a471288217
050 _aNA31 .C44 1995
245 _a_A vision dictionary of Architecture Francis D.K Chieng
260 _aNew York John Wiley &sons 1995
300 _a319p.
500 _aIncludes index.
500 _aIncludes index.
650 _a_Architecture
980 _a^d20130516 04:38:42^oanne
999 _c13417
_d13417